[Event "Kuwait City Wafra Gulf op 3rd"]
[Site "Kuwait City"]
[Date "2024.05.17"]
[Round "4"]
[White "Ezhil, Aadhav Kaladharan"]
[Black "Poliquit, Dennis"]
[Result "1-0"]
[WhiteElo "1804"]
[BlackElo "1999"]
[PlyCount "65"]
[EventDate "2024.05.17"]
[EventType "swiss"]
[EventRounds "9"]
[EventCountry "KUW"]
[SourceTitle "CBM 220 Extra"]
[Source "ChessBase"]
[SourceDate "2024.07.31"]
[SourceVersion "1"]
[SourceVersionDate "2024.07.31"]
[SourceQuality "1"]

1. e4 e5 2. Nf3 Nc6 3. Bc4 Nf6 4. d3 Bc5 5. c3 0-0 6. 0-0 Qe7 7. Be3 Bb6 8. Nbd2 d6 9. h3 Be6 10. b4 d5 11. exd5 Nxd5 12. Bxd5 Bxd5 13. c4 Bxf3 14. Nxf3 Bxe3 15. fxe3 Nxb4 16. Qb3 c5 17. a3 Nc6 18. Rab1 b6 19. Qc3 e4 20. dxe4 Qxe4 21. Rbd1 Na5 22. Nd2 Qe6 23. Rf4 Rad8 24. Rdf1 Qd6 25. Ne4 Qd3 26. Nf6+ Kh8 27. Qxd3 Rxd3 28. Nd5 f6 29. Rh4 Nxc4 30. Ne7 Ne5 31. Rf5 Re8 32. Rxh7+ Kxh7 33. Rh5# 1-0